Estadística comercial de la República de Chile correspondiente al año de 1888
Gespeichert in:
| Format: | Buch |
|---|---|
| Sprache: | Spanisch |
| Veröffentlicht: |
Valparaíso
s.n
1889
|
| Schlagworte: | |
| Tags: |
Tag hinzufügen
Keine Tags, Fügen Sie den ersten Tag hinzu!
|
MARC
| LEADER | 00000nam a2200000 a 4500 | ||
|---|---|---|---|
| 001 | UCM0637 | ||
| 003 | CL-VaPUC | ||
| 008 | 020301e18890000cl |||||||||||||||||spa|d | ||
| 082 | 0 | 4 | |a 310.983 |b EST |2 21 |
| 245 | 1 | 0 | |a Estadística comercial de la República de Chile correspondiente al año de 1888 |
| 300 | |a 740 p | ||
| 942 | |c BK | ||
| 945 | |d 20020301 00:00:00 |a cmena | ||
| 260 | |a Valparaíso |b s.n |c 1889 | ||
| 650 | 7 | |a ESTADISTICAS COMERCIALES |2 CL-VaPUC |9 430465 | |
| 650 | 0 | |a Comercio |9 255341 | |
| 650 | 7 | |a IMPORTACIONES |2 CL-VaPUC |9 359079 | |
| 650 | 7 | |a COMERCIO INTERNACIONAL |2 CL-VaPUC |9 467580 | |
| 650 | 7 | |a ESTADISTCIAS 1892 |2 CL-VaPUC |9 455799 | |
| 651 | 7 | |a CHILE |2 CL-VaPUC |9 467581 | |
| 583 | |a last modification |c 20180109 10:27:59 |k Rodrigo Vera | ||
| 999 | |c 299512 |d 299510 | ||
| 952 | |0 0 |1 0 |4 0 |6 310_983000000000000_EST_1889 |7 0 |8 X |9 356107 |a BIBHIS |b BIBHIS |d 2019-11-21 |i 3636755 |l 1 |o 310.983 EST 1889 |p 3636755 |r 2024-01-30 |s 2022-09-05 |w 2019-11-21 |y BK_X |k HIS | ||